| 000 | 00427nam a2200169Ia 4500 | ||
|---|---|---|---|
| 008 | 230917s9999||||xx |||||||||||||| ||und|| | ||
| 020 | _cPON12.8 | ||
| 040 |
_e24787 _aMAIN |
||
| 041 | _aEnglish | ||
| 082 | _a574.88 N634I | ||
| 100 | _aNisonoff, Alfred | ||
| 245 | 0 | _aIntroduction to Molecular Immunology | |
| 250 | _a2nd ed. | ||
| 260 |
_aSunderland _bSirnauer Associates Inc. _c1984 |
||
| 300 | _aix,236 p. | ||
| 942 | _cBK | ||
| 999 |
_c53310 _d53310 |
||